Practical book of Pharmaceutical in Organic Chemistry (Record no. 8756)

MARC details
000 -LEADER
fixed length control field 00427nam a22001577a 4500
003 - CONTROL NUMBER IDENTIFIER
control field OSt
008 - FIXED-LENGTH DATA ELEMENTS--GENERAL INFORMATION
fixed length control field 200710b ||||| |||| 00| 0 eng d
020 ## - INTERNATIONAL STANDARD BOOK NUMBER
International Standard Book Number 9789386700643
100 ## - MAIN ENTRY--PERSONAL NAME
Personal name Gupta, jyoti ,mohit sanduja madhuri grover
245 ## - TITLE STATEMENT
Title Practical book of Pharmaceutical in Organic Chemistry
250 ## - EDITION STATEMENT
Edition statement 2019
260 ## - PUBLICATION, DISTRIBUTION, ETC. (IMPRINT)
Place of publication, distribution, etc Nirali Prakashan
300 ## - PHYSICAL DESCRIPTION
Extent 91
650 ## - SUBJECT ADDED ENTRY--TOPICAL TERM
Topical term or geographic name as entry element Pharmaceutical Organic Chemisty
942 ## - ADDED ENTRY ELEMENTS (KOHA)
Source of classification or shelving scheme Dewey Decimal Classification
Koha item type Text Books

No items available.

Design & Developed by: PIET Central Library
R70 Miles Stone Pattikalyana Samalkha Panipat 132102
mail ID :- [email protected], Phone No:- 0180-2569700 Ex.216